Statistics for Steelers All-Time Team

Click here to take the quiz!

General Stats

  • This quiz has been taken 100 times
  • The average score is 13 of 28

Answer Stats

HintAnswer% Correct
QBBen Roethlisberger
97%
WRAntonio Brown
90%
RBFranco Harris
87%
WRHines Ward
84%
RBJerome Bettis
84%
LBT.J. Watt
84%
RBLe'veon Bell
78%
DTJoe Greene
73%
TEHeath Miller
69%
WRLynn Swann
69%
LBJack Lambert
51%
LBJack Ham
48%
LBJames Harrison
47%
CBMel Blount
45%
WRJohn Stallworth
44%
CBRod Woodson
44%
SMinkah Fitzpatrick
43%
CMike Webster
39%
OGDavid Decastro
34%
STroy Polomalu
32%
OGAlan Faneca
31%
CBIke Taylor
22%
DEL.C. Greenwood
18%
SDonnie Shell
16%
DEDwight White
12%
DTErnie Stautner
5%
OTFrank Varrichione
1%
OTAlejandro Villianueva
0%

Score Distribution

Percentile by Number Answered

Percent of People with Each Score

Your Score History

You have not taken this quiz